<?xml version="1.0" encoding="UTF-8"?>
<collection xmlns="http://www.loc.gov/MARC21/slim">
 <record>
  <leader>     na                 </leader>
  <controlfield tag="001">INLIS000000000001143</controlfield>
  <controlfield tag="005">20220408081655</controlfield>
  <datafield tag="035" ind1=" " ind2=" ">
   <subfield code="a">0010-0422000717</subfield>
  </datafield>
  <controlfield tag="007">ta</controlfield>
  <controlfield tag="008">220408                           0 ind  </controlfield>
  <datafield tag="020" ind1=" " ind2=" ">
   <subfield code="a">978-602-8975-47-6</subfield>
  </datafield>
  <datafield tag="082" ind1=" " ind2=" ">
   <subfield code="a">899.221</subfield>
  </datafield>
  <datafield tag="084" ind1=" " ind2=" ">
   <subfield code="a">899.221 MUH g</subfield>
  </datafield>
  <datafield tag="100" ind1="0" ind2=" ">
   <subfield code="a">MUHAMMAD ABDULLAH AD-DUWAISY</subfield>
  </datafield>
  <datafield tag="245" ind1="1" ind2=" ">
   <subfield code="a">GAYA HIDUP PEMUDA PERINDU SURGA :</subfield>
   <subfield code="b">MENELUSURI POTRET GEMILANG GENERASI MUDA SEKITAR NABI DALAM BERIBADAH,DAKWAH,PERJUANGAN,DAN KESABARAN. /</subfield>
   <subfield code="c">MUHAMMAD ABDULLAH AD-DUWAISY</subfield>
  </datafield>
  <datafield tag="250" ind1=" " ind2=" ">
   <subfield code="a">Cet.1</subfield>
  </datafield>
  <datafield tag="260" ind1=" " ind2=" ">
   <subfield code="a">SOLO :</subfield>
   <subfield code="b">ZAM-ZAM,</subfield>
   <subfield code="c">2012</subfield>
  </datafield>
  <datafield tag="300" ind1=" " ind2=" ">
   <subfield code="a">259 hlm. :</subfield>
   <subfield code="b">- ;</subfield>
   <subfield code="c">20X14 cm</subfield>
  </datafield>
  <datafield tag="600" ind1=" " ind2="4">
   <subfield code="a">MUHAMMAD ABDULLAH AD-DUWAISY</subfield>
  </datafield>
  <datafield tag="990" ind1=" " ind2=" ">
   <subfield code="a">200221</subfield>
  </datafield>
 </record>
</collection>
